00888nam a22001097a 4500008004100000100001600041245003600057260001300093300003400106520062500140773001300765231016b ||||| |||| 00| 0 eng d aMehta, S.K. aPort infrastructure in Gujarat  aYojana  a67(10), Oct, 2023: p.35-39  aPM Gatishakit national master plan which has the objective of increasing logistical efficiency also includes comprehensive port connectivity project. The Gujarat maritime cluster aims to bring together the maritime service provides financial institutions, the relevant government regulatory agencies and academicians to accelerate integrated maritime sector development. In the order to develop port sector, Gujarat aims to create a maritime environment that boosts confidence in global maritime players, attracts investment, provides stability, and creates a world class competitive maritime ecosystem. – Reproduced  aYojana